00418nam a2200157Ia 4500100001900000490000700019942000700026654001300033245004100046260002000087082001800107300000800125546001200133999001700145952009800162 aSimon/Richard  vII cBK acomputer aCommon Controls & Messages Book 2 bTechmediac1998 a005.139(W)SIM a959 aENGLISH c27346d27346 001040708CRCaCRCEbCRCEd2023-03-17l0o005.139(W)SIM p10703r2023-03-17w2023-03-17yBK